| 000 | 00969nam a2200265 u 4500 | ||
|---|---|---|---|
| 001 | 000046608 | ||
| 005 | 20250224110755.0 | ||
| 008 | 170125s2010 mx c r 000 0 spa d | ||
| 020 | _a9789708120210 | ||
| 040 |
_aDO-SdBNP _bspa _cBNPHU |
||
| 082 |
_a332.02401 _bK628r |
||
| 100 | 1 |
_aKiyosaki, Robert T. _974604 |
|
| 240 | 1 | 0 |
_aRetire young retire rich. _lEspañol |
| 245 | 1 | 0 |
_aRetírate jóven y rico : _b¡Cómo volverse rico pronto y para siempre! / _cRobert T. Kiyosaki, Sharon L. Lechter ; traducción María Andrea Giovine. |
| 260 |
_aMéxico : _bSantillana Ediciones Gerales, _c2010. |
||
| 300 |
_a576 p. : _bil. ; _c24 cm. |
||
| 490 | 1 |
_aPunto de lectura _anegocios |
|
| 650 | 4 |
_aFinanzas personales _98282 |
|
| 650 | 4 |
_aSeguridad financiera _974605 |
|
| 650 | 0 |
_aSalud _91687 |
|
| 650 | 4 |
_aPensiones a la vejez _911122 |
|
| 700 | 1 | 2 |
_aLechter, Sharon L. _974606 |
| 700 | 1 | 2 |
_aGiovine, María Andrea, _etr. _959813 |
| 830 | 0 |
_aPunto de lectura _pnegocios _974607 |
|
| 999 |
_c46097 _d46097 |
||